[Event "Dortmund Sparkassen Chess Meeting 2012"]
[Site "Dortmund GER"]
[Date "2012.07.19"]
[Round "6.5"]
[White "Caruana, Fabiano"]
[Black "Meier, Georg"]
[Result "1/2-1/2"]
[WhiteElo "2775"]
[BlackElo "2644"]
[PlyCount "112"]
[EventDate "2012.07.12"]
[EventType "tourn"]
[EventRounds "9"]
[EventCountry "GER"]
[EventCategory "19"]
[Source "lmi"]
[SourceDate "2012.07.13"]

1. e4 e6 2. d4 d5 3. Nc3 Nf6 4. e5 Nfd7 5. f4 c5 6. Nf3 Nc6 7. Be3 Be7 8. Qd2
O-O 9. Be2 a6 10. O-O b5 11. a3 Bb7 12. Kh1 Qc7 13. dxc5 Nxc5 14. Qe1 f6 15.
Bxc5 Bxc5 16. Bd3 f5 17. Ne2 d4 18. b4 Bb6 19. a4 Qe7 20. axb5 axb5 21. Rb1 Ra2
22. Nc1 Ra4 23. Bxb5 Rxb4 24. Nd3 Rxb1 25. Qxb1 Rc8 26. Bc4 Na5 27. Ba2 Rc6 28.
Ng5 Bd8 29. Qb4 Bc8 30. Qxd4 h6 31. Nf3 Rxc2 32. Nb4 Nc6 33. Nxc6 Rxc6 34. Qa4
Bd7 35. Rd1 Rc1 36. Qb3 Qc5 37. Qd3 Rxd1+ 38. Qxd1 Bb6 39. h3 Bc8 40. Qa4 Kf7
41. Kh2 Ke7 42. h4 Bd7 43. Qd1 Qb4 44. Qd6+ Qxd6 45. exd6+ Kxd6 46. Ne5 Bc8 47.
Nc4+ Kc5 48. Nxb6 Kxb6 49. Kg3 Kc5 50. Kf2 Kd4 51. Bb3 e5 52. fxe5 Kxe5 53. g3
f4 54. Bd1 g5 55. hxg5 hxg5 56. gxf4+ Kxf4 1/2-1/2